| 000 | 00883cam a22002537a 4500 | ||
|---|---|---|---|
| 020 | _a0078681707 (student text) | ||
| 020 | _a9780078681707 (student text) | ||
| 020 | _a0078681715 (teacher's ed.) | ||
| 020 | _a9780078681714 (teacher's ed.) | ||
| 040 | _cSDB | ||
| 082 | 0 | 0 | _a512 GLE 2006 A030 Or. |
| 245 | 0 | 0 |
_aAlgebra : _bconcepts and applications / |
| 246 | 1 | _aGlencoe mathematics | |
| 260 |
_aNew York : _bGlencoe/McGraw Hill, _cc2006. |
||
| 300 |
_axxiv, 834 p. : _bill. (chiefly col.) ; _c26 cm. |
||
| 500 | _aIncludes index. | ||
| 650 | 0 | _aAlgebra | |
| 700 | 1 | _aCummins, Jerry. | |
| 710 | 2 | _aGlencoe/McGraw-Hill. | |
| 856 | 4 | 2 | _uhttp://www.loc.gov/catdir/enhancements/fy0737/2007298064-b.html |
| 856 | 4 | 2 | _uhttp://www.loc.gov/catdir/enhancements/fy0737/2007298064-d.html |
| 856 | 4 | 1 | _uhttp://www.loc.gov/catdir/enhancements/fy0737/2007298064-t.html |
| 942 | _cEK | ||
| 999 |
_c11531 _d11531 |
||